| 000 | 00471pab a2200181 454500 | ||
|---|---|---|---|
| 008 | 180718b2011 xxu||||| |||| 00| 0 eng d | ||
| 100 | _aRiddell, Sheila | ||
| 245 | _aEquality and humanrights in Britain: Principles and challenges | ||
| 260 | _c2011 | ||
| 300 | _ap.193-203. | ||
| 362 | _aApr | ||
| 650 | _aHuman rights - Great Britain | ||
| 650 | _aHuman rights | ||
| 700 | _aWatson, Nick | ||
| 773 | _aSocial Policy and Society | ||
| 908 | _aN | ||
| 909 | _a93061 | ||
| 999 |
_c93061 _d93061 |
||